000 00688nam a2200229Ia 4500
005 20241129104335.0
008 241129s9999||||xx |||||||||||||| ||und||
020 _a9789354422287
037 _aTextual
040 _aRTL
_beng
_cRTL
041 _aeng
_2eng
084 _aX9(J).1 R2
_qRTL
100 _aJodhka Surinder S.
_9271568
245 0 _aAgrarian change in India
_cJodhka Surinder S.
260 _aNew Delhi
_bOrient Blackswan
_c2022
300 _axv,410p.
365 _aINR
_b1425
490 _aReadings on the Economy Polity and Society.
650 _aTransformations in Indian Agriculture
_9725872
942 _cTB
_hX9(J).1 R2
999 _c1225470
_d1225470